Statistiken für Großstädte Skandinaviens

Klicken Sie hier um das Quiz zu spielen!

Allgemein

  • Dieses Quiz wurde 74 mal gespielt
  • Das Durchschnittsergebnis liegt bei 14 aus 29

Antwortstatistiken

EinwohnerzahlLandStadt% Korrekt
1.082.575NorwegenOslo
100%
1.767.108SchwedenStockholm
100%
664.028FinnlandHelsinki
98%
653.664DänemarkKopenhagen
95%
269.548NorwegenBergen
89%
655.429SchwedenGöteborg
88%
325.069SchwedenMalmö
86%
196.948NorwegenTrondheim
68%
138.693IslandReykjavik
62%
182.387DänemarkOdense
55%
197.900FinnlandTurku
55%
168.760SchwedenUppsala
55%
120.914DänemarkAalborg
48%
135.514NorwegenStavanger
48%
249.009FinnlandTampere
42%
211.848FinnlandOulu
41%
113.828SchwedenHelsingborg
33%
290.598DänemarkAarhaus
24%
120.175FinnlandLahti
23%
126.604SchwedenÖrebro
23%
101.440SchwedenJönköping
21%
119.016SchwedenLinköping
21%
305.274FinnlandEspoo
20%
122.955NorwegenDrammen
18%
128.660SchwedenVästerås
14%
242.819FinnlandVantaa
9%
122.594FinnlandKuopio
6%
104.664DänemarkFrederiksberg
3%
145.887FinnlandJyväskylä
3%

Verteilung der Resultate

Perzentil nach korrekt beantworteten Fragen

Anzahl Personen mit jedem Resultat

Ihre Resultats-Entwicklung

Sie haben dieses Quiz noch nicht gespielt